Logonautas matemática 2 : Versión docente /
Guardado en:
| Autor Principal: | |
|---|---|
| Otros Autores: | , , , , , , |
| Formato: | Libro |
| Publicado: |
Buenos Aires :
Puerto de Palos,
2008.
|
| Series: | Logonautas. Navegantes del conocimiento
|
| Materias: | |
| Etiquetas: |
Agregar Etiqueta
Sin Etiquetas, Sea el primero en etiquetar este registro!
|
| LEADER | 01049nam a22002775a 4500 | ||
|---|---|---|---|
| 001 | CEM.cems024569 | ||
| 008 | 250429s2008##################000#0#####d | ||
| 005 | 20250429100901.0 | ||
| 245 | 1 | 0 | |a Logonautas matemática 2 : |b Versión docente / |c Adriana Berio ... y otros. |
| 260 | |a Buenos Aires : |b Puerto de Palos, |c 2008. | ||
| 300 | |a 256 p. | ||
| 490 | 0 | |a Logonautas. Navegantes del conocimiento | |
| 505 | 0 | |a Números enteros -- números racionales -- Lenguaje algebraico -- ángulos y construcciones -- figuras planas -- representaciones gráficas y funciones -- cuerpos -- probabilidad y estadística | |
| 020 | |a 9789875473416 | ||
| 100 | 1 | |a Berio, Adriana | |
| 700 | 1 | |a Mancini, Graciela. | |
| 700 | 1 | |a Mastucci, Silvana. | |
| 700 | 1 | |a Mazzitelli, Miryam. | |
| 700 | 1 | |a Prandini, María Gabriela. | |
| 700 | 1 | |a Sciotti, Federico. | |
| 700 | 1 | |a Tajes, Graciela. | |
| 700 | 1 | |a Vázquez, Susana. | |
| 082 | 0 | 4 | |a 510 |
| 653 | |a Matemática | ||
| 653 | |a Matemática-polimodal | ||
| 859 | |a CEMS |b BIB. CEMS - 11 de abril |h 510 |i 454-1 |p 29838.25 |t Ej.1 |v 2 |3 2 | ||
